Three Men on the Bummel (Запис номер 40318)
[ съкратено ]
| 000 -Лидер | |
|---|---|
| Контролно поле с фиксирана дължина | 00849nam a2200289 c 4500 |
| 003 - Код на организацията, давaща контролен номер | |
| Контролно поле | BLK |
| 005 - Дата и час на последна редакция | |
| Контролно поле | 20230324100742.0 |
| 008 - Елементи от данни с фиксирана дължина | |
| fixed length control field | 180408b bul|||||r ||||||| ||bul|| |
| 010 ## - Наследен системен номер | |
| LC control number | KNG00043750000 |
| 020 ## - Международен стандартен номер на книга ISBN | |
| Международен стандартен номер на книга ISBN | 0-14-062145-8 |
| -- | издат.: Penguin |
| 040 ## - Източник на каталожния запис | |
| Идентификатор на билиотеката - собственик на записа | BLK |
| 041 ## - Код за език | |
| Код за езика на текст/звукозапис или на отделно заглавие | Английски |
| Код за езика КДБФ | Английски |
| 080 ## - УДК | |
| Текстов определител УДК | Английска литература |
| УДК код - определител по УДК | 821.111 |
| УДК определител | -32 |
| УДК - код + определител | 821.111-32 |
| 100 1# - Редна дума - Автор | |
| Автор | Jerome, Jerome Klapka |
| R(LIN) | 256139 |
| 139 ## - Редно поле | |
| Редна дума | Jerome, Jerome Klapka |
| Авторски знак | Jer - J 43 |
| 245 10 - Сведения за заглавието | |
| Заглавие | Three Men on the Bummel |
| Редно поле (дума) | Jerome Klapka Jerome. |
| 257 ## - Страна на издаване | |
| Страна на създаване/издаване | Великобритания |
| 260 ## - Област на издателските данни | |
| -- | London |
| Име на издателя, разпространителя и проч. | Penguin |
| Година на издаване | 1994 |
| 300 ## - Физическа характеристика | |
| Страници | 207 c. |
| Размери/Мащаб | 18 cm |
| 380 ## - Жанр | |
| Жанр | Худож. лит. |
| 490 1# - СЕРИИ (Колекции) | |
| Име на серия | Penguin Popular Classics |
| 852 ## - Местоположение | |
| Форматна сигнатура | Цб І 28606 |
| 856 4# - Електронен адрес и достъп | |
| Електронен формат | pdf - файл |
| Път до файла /url/ | |
| 856 4# - Електронен адрес и достъп | |
| Електронен формат | pdf - файл |
| Път до файла /url/ | |
| 942 ## - АРТИКУЛИ | |
| Вид на библиотечния материал | Книги |
| Скрит в OPAC | Не |
| 944 ## - СЪЗДАВАНЕ И РЕДАКЦИЯ на ЗАПИСА | |
| Създаване/Редакция | Създаване |
| Дата на регистрацията/редакция | 01.01.1999 |
| Служител, извършил регистрацията/редакцията | Теодора_Стоянова |
| 944 ## - СЪЗДАВАНЕ И РЕДАКЦИЯ на ЗАПИСА | |
| Създаване/Редакция | Редакция |
| Дата на регистрацията/редакция | 15.09.2008 |
| Служител, извършил регистрацията/редакцията | |
| 999 ## - СИСТЕМНИ КОНТРОЛНИ НОМЕРА | |
| Koha biblionumber | 40318 |
| Koha biblioitemnumber | 40318 |
| Код за отписване | Код за изгубен артикул | Код за повреда | Коз за рестрикции | Код за отдаване | Артикулен № | Име на библиотеката - собственик | Име на библиотеката, в която се намира в момента | Статус (Текущо местоположение) | Дата на вписване в системата | Местоположение - отдел | Цена в лева | Инвентарен номер | Систематично азбучна сигнатура | Баркод | Номер на екземпляра | Цена в евро | Служебна бележка | Служебен тип на артикула |
|---|---|---|---|---|---|---|---|---|---|---|---|---|---|---|---|---|---|---|
| Не е изгубен | Не е повреден | без рестрикции | заемане за дома | 63058 | Регионална библиотека "Любен Каравелов" Русе | Регионална библиотека "Любен Каравелов" Русе | ЧЧЗО - англ. ез. - Британски съвет | 2001-01-01 | ЧЧЗО - англ. ез. - Британски съвет | 0.00 | 625394 | Ч3 820-32/J 43 | 625394 | 1 | 0.00 | Дата инв: 12.03.2015 Бележки инв: Ч32015 | Книги |